Greife andere Länder an - Nordkorea - Sudden Death - Statistiken

Allgemein
  • Dieses Quiz wurde 978 mal gespielt
  • Das Durchschnittsergebnis liegt bei 4 aus 15
Answers on the Grid
Answers color-coded by a green-red scale on the quiz's grid according to % correct below.
Bangladesch
Vereinigtes Königreich
Libyen
Deutschland
Argentinien
Kuwait
China
Myanmar
Madagaskar
Finnland
Irak
Südkorea
Saudi-Arabien
Oman
Spanien
Niederlande
Albanien
Kanada
Katar
Brasilien
Slowenien
Ukraine
Äthiopien
Italien
Vietnam
Griechenland
Zentralafrikanische Republik
Singapur
Botswana
Lettland
 
Antwortstatistiken
Antwort % Korrekt
Kuwait
49%
Bangladesch
41%
Libyen
39%
Lettland
33%
Botswana
32%
Madagaskar
32%
Katar
27%
Slowenien
27%
Albanien
23%
Zentralafrikanische Republik
23%
Oman
21%
Äthiopien
17%
Finnland
14%
Niederlande
10%
Irak
7%
Keine übereinstimmenden Quizze gefunden
Verteilung der Resultate
Anzahl Personen mit jedem Resultat
Perzentil nach korrekt beantworteten Fragen
Ihre Resultats-Entwicklung
Sie haben dieses Quiz noch nicht gespielt